Państwa Świata - Z końcówką -nia - Statystyki

Ogólne statystyki
  • Ten quiz został rozwiązany 151 razy
    129 od ostatniego zresetowania
  • Średni wynik to 8 z 14
Statystyki odpowiedzi
Kontynent LITERY Państwo % Poprawnych
Europa 9 Hiszpania
81%
Europa 7 Albania
77%
Europa 7 Rumunia
75%
Europa 5 Dania
71%
Europa 8 Słowenia
69%
Europa 14 Wielka Brytania
69%
Europa 7 Estonia
67%
Azja 7 Japonia
61%
Afryka 5 Kenia
61%
Afryka 8 Tanzania
60%
Azja 7 Armenia
52%
Afryka 10 Mauretania
47%
Azja 8 Jordania
29%
Australia i Oceania (zależne od Francji) 13 Nowa Kaledonia
18%
Nie znaleziono quizów pasujących do podanych kryteriów
Rozkład punktacji
Procent ludzi z każdym wynikiem
Percentyl według liczby udzielonych odpowiedzi
Twoja historia wyników
Nie rozwiązałeś tego quizu od ostatniego zresetowania